| 000 | 00000cas 22000008i 4500 |
| 001 | 9.929869 |
| 003 | CaOODSP |
| 005 | 20251223101504 |
| 006 | m o d f |
| 007 | cr cn |||||||| |
| 008 | 231102c20239999oncar p o f0###a0eng|d |
| 022 | |a2817-8602 |
| 040 | |aCaOODSP|beng|erda|cCaOODSP |
| 043 | |an-cn--- |
| 086 | 1 |aHP37-21/1E-PDF |
| 222 | 0|aCanadian antimicrobial resistance surveillance system ... |b(Executive summary) |
| 245 | 00|aCanadian Antimicrobial Resistance Surveillance System (CARSS) : |b … executive summary and link to the Pan-Canadian action plan on antimicrobial resistance. |
| 246 | 3 |iIssues 2024- have title: |aCanadian Antimicrobial Resistance Surveillance System (CARSS) ... key findings |
| 264 | 1|a[Ottawa] : |bPublic Health Agency of Canada = Agence de santé publique du Canada, |c[2023]- |
| 310 | |aAnnual |
| 336 | |atext|btxt|2rdacontent |
| 337 | |acomputer|bc|2rdamedia |
| 338 | |aonline resource|bcr|2rdacarrier |
| 362 | 1 |aBegan with: 2023. |
| 500 | |aIssued also in French under title: Système canadien de surveillance de la résistance aux antimicrobiens ... : résume. |
| 588 | |aDescription based on: 2023. |
| 588 | |aLatest issue consulted: 2023. |
| 650 | 0|aDrug resistance in microorganisms|zCanada|vPeriodicals. |
| 650 | 0|aPublic health surveillance|zCanada|vPeriodicals. |
| 655 | 7|aPeriodicals|2lcgft |
| 710 | 2 |aPublic Health Agency of Canada, |eissuing body. |
| 775 | 08|tSystème canadien de surveillance de la résistance aux antimicrobiens (SCSRA) : |w(CaOODSP)9.929870 |